000 00863nam a2200229 i 4500
001 173034
003 ES-MaACL
005 20250801201906.0
008 091015s1957 ag |||| | spa d
080 _a23
100 0 _aWilliam of Ockham.
_9116904
245 1 0 _aTratado sobre los principios de la teología /
_cOccam ; traducción del latín, prólogo y notas de Luis Farré.
260 _aBuenos Aires ;
_aMadrid :
_bAguilar,
_c1957.
300 _a158 p. ;
_c16 cm.
490 1 _aBiblioteca de iniciación filosófica ;
_v58
594 _aTraducción de: Tractatus de principiis theologiae.
650 0 7 _aTeología
_2embne
_917457
700 1 _aFarré, Luis.
_948885
830 0 _aBiblioteca de iniciación filosófica ;
_v58
_9181447
852 4 _aES-MaACL
_jE-13042
_9R.139288 . -
_zBiblioteca Jacinto Martínez Lacalle
999 _c173034
_d173034